La Reducció dels impactes ambientals en les infrastructures viàries : curset sobre l'impacte ambiental per a tècnics municipals / Ramon Ganyet Solé curset sobre l'impacte ambiental per a tècnics municipals / Ramon Ganyet Solé
Descripción Física:
25 p. : il. ; 29 cm
MARC
| LEADER | 00000nam a2200000Ia 4500 | ||
|---|---|---|---|
| 001 | 23566 | ||
| 008 | 160829s1989 xx 000 0 cat d | ||
| 080 | |a FU-60-19 | ||
| 100 | |a Ganyet, Ramon |9 48976 | ||
| 245 | |a La Reducció dels impactes ambientals en les infrastructures viàries : |b curset sobre l'impacte ambiental per a tècnics municipals / Ramon Ganyet Solé | ||
| 260 | |a Barcelona : |b Diputació de Barcelona, |c 1989 | ||
| 300 | |a 25 p. : |b il. ; |c 29 cm | ||
| 590 | |a Celebrat a Montesquiu el mes d'octubre de 1989. | ||
| 650 | |a Medi ambient |x Anàlisi de l'impacte |9 48977 | ||
| 650 | |a Carreteres |x Aspectes ambientals |9 48978 | ||
| 710 | 1 | |a Barcelona (Catalunya : Província). |b Diputació |9 52408 | |
| 901 | |a Arxiu | ||
| 942 | |n 1 | ||
| 952 | |0 0 |1 0 |4 0 |6 FU6019 |7 1 |9 55013 |a Arxiu |b Arxiu |d 2012-08-09 |l 0 |o FU-60-19 |p 23566 |r 2016-12-01 00:00:00 |w 2016-12-01 |y ARXIU | ||
| 999 | |c 58883 |d 58883 | ||